Представление документа в формате RUSMARC

ПолеНазваниеЗначение
  Тип записи a
  Библиографический уровень m
001 Контрольный номер RU/SLIB/B/256835250
005 Дата корректировки 20260623142519.9
010 Индекс ISBN __
a ISBN 5-8297-0189-8
d Цена 129-72
101 Язык документа 0_
a Язык текста rus
c Язык оригинала rus
200 Заглавие и сведения об ответственности 1_
a Заглавие Психология семейных отношений и основы семейного консультирования
e Сведения, относящиеся к заглавию учеб. пособие для студентов высш. учеб. заведений, обучающихся по направлению и специальностям психологии
f Первые сведения об ответственности О. А. Карабанова
b Общее обозначение материала Текст
210 Выходные данные 1_
a Место издания М.
c Издательство Гардарики
d Дата издания 2007
215 Физическое описание __
a Объем 319, [1] с.
225 Серия 2_
a Серия Psychologia universalis
330 Аннотация __
a Аннотация Рассматриваются проблемы генезиса, развития и функционирования семьи как целостной системы в единстве ее структурно-функциональных компонентов. Даны основные характеристики супружеских отношений, гармоничных и дисгармоничных семей.
606 Тематические рубрики __
a Основная рубрика Психология
2 Код системы nlr_sh
606 Тематические рубрики __
a Основная рубрика Социальная психология
2 Код системы nlr_sh
610 Ключевые слова 0_
a Ключевые слова семейная психология; психология семьи; история семей; семьи; брак; типология семей; жизненные циклы семьи; супружеские отношения; супружество; супруги; любовь; ролевая структура семьи; семейное самосознание; виды любви; межличностные коммуникации; сплоченность семьи; характеристики семьи; семейные конфликты; семейные проблемы; дисгармоничные семьи; дисфункциональные семьи; детско-родительские отношения; социальные институты; стили общения; семейное общение; родительство; родительское лидерство; родительская власть; социальный контроль; родительская позиция; семейное воспитание; дисгармоничное воспитание; сиблинговая позиция; развод; повторные браки; усыновление; приемные дети; семейное консультирование
686 Индексы других классификаций __
a Классификационный индекс 88.576я73
2 Код системы rubbks
700 Автор _1
a Фамилия Карабанова
b Имя О. А.
g Полное личное имя Ольга Александровна
4 Код отношения 070
801 Источник записи _0
a Страна RU
b Организация Муниципальное бюджетное учреждение культуры "Централизованная библиотечная система" г. Сургут (Центральная городская библиотека им. А. С. Пушкина)
g Правила каталогизации PSBO
801 Источник записи _1
a Страна RU
b Организация Муниципальное бюджетное учреждение культуры "Централизованная библиотечная система" г. Сургут (Центральная городская библиотека им. А. С. Пушкина)
g Правила каталогизации PSBO
852 Данные о местонахождении __
j Шифр хранения 88.576я73
c Каталожный индекс 88.5я73
i Авторский знак К 21
901 Тип документа __
t Тип документа m
a Ответственный КиК/Поспелова
901 Тип документа __
a Ответственный рекл26
903 Характеристики (МАРС) __
a Дата передачи 20080229
969 Тип издания __
a Тип издания учебное пособие
990 Данные о заказе (DOS) __
j Количество экземпляров (DOS) 6
t N записи в КСУ для И/У (DOS) 200803